[Event "Moia op 8th"]
[Site "Moia"]
[Date "2019.11.22"]
[Round "8.3"]
[White "Crusats Mir, Josep"]
[Black "Valldeoriola Puigdoller, Agusti"]
[Result "1/2-1/2"]
[WhiteElo "1700"]
[BlackElo "2005"]
[PlyCount "107"]
[EventDate "2019.09.20"]
[EventType "swiss"]
[EventRounds "8"]
[EventCountry "ESP"]
[SourceTitle "EXT 2024"]
[Source "ChessBase"]
[SourceDate "2023.10.10"]
[SourceVersion "1"]
[SourceVersionDate "2023.10.10"]
[SourceQuality "1"]

1. d4 e6 2. c4 f5 3. Bf4 Nf6 4. Nf3 c6 5. Nc3 Be7 6. e3 d5 7. Ne5 0-0 8. Be2 Nbd7 9. h3 Nxe5 10. Bxe5 Bd6 11. f4 Bxe5 12. dxe5 Ne4 13. Nxe4 fxe4 14. 0-0 Qb6 15. Qd2 Bd7 16. b4 a5 17. Rfb1 Rfb8 18. c5 Qa7 19. Qd4 b5 20. a3 Qc7 21. a4 bxa4 22. Rxa4 axb4 23. Rxa8 Rxa8 24. Qxb4 Bc8 25. Qb6 Ra7 26. Qxc7 Rxc7 27. Rb8 Kf7 28. Kf2 Bd7 29. Ba6 Ra7 30. Rb6 Ke7 31. Ke2 Kd8 32. g4 g6 33. h4 h6 34. h5 gxh5 35. g5 hxg5 36. fxg5 Be8 37. Rb8+ Ke7 38. Rb7+ Rxb7 39. Bxb7 Kf7 40. Bc8 Kg6 41. Bxe6 Kxg5 42. Bc8 h4 43. e6 Kf6 44. Kf2 Ke7 45. Kg2 Kd8 46. Ba6 Bg6 47. Kh3 Bf5+ 48. Kxh4 Bxe6 49. Kg3 Bc8 50. Be2 Ke7 51. Kf4 Kf6 52. Bf1 Bd7 53. Be2 Be8 54. Ba6 1/2-1/2

[Event "Moia op 8th"]
[Site "Moia"]
[Date "2019.10.11"]
[Round "2.4"]
[White "Crusats Mir, Josep"]
[Black "Basas Gamazo, Josep"]
[Result "0-1"]
[WhiteElo "1700"]
[BlackElo "1897"]
[PlyCount "92"]
[EventDate "2019.09.20"]
[EventType "swiss"]
[EventRounds "8"]
[EventCountry "ESP"]
[SourceTitle "EXT 2024"]
[Source "ChessBase"]
[SourceDate "2023.10.10"]
[SourceVersion "1"]
[SourceVersionDate "2023.10.10"]
[SourceQuality "1"]

1. d4 Nf6 2. c4 g6 3. Nc3 Bg7 4. Nf3 0-0 5. e4 d6 6. h3 e5 7. d5 Nbd7 8. Bd3 Nc5 9. 0-0 a5 10. a4 Nh5 11. Bg5 f6 12. Be3 Nf4 13. Bxc5 dxc5 14. Ne2 Nh5 15. Rb1 f5 16. exf5 gxf5 17. Nh2 e4 18. Bc2 Qh4 19. Qd2 Bd7 20. b3 Rae8 21. Qxa5 b6 22. Qd2 f4 23. f3 e3 24. Qd1 Bf6 25. Be4 Qg5 26. Kh1 Ng7 27. Qe1 Bf5 28. Bxf5 Nxf5 29. Ng4 Bg7 30. Rd1 h5 31. Nh2 Rf6 32. Rg1 Rg6 33. Rb1 Bd4 34. Nf1 Nh4 35. Nxd4 cxd4 36. Nh2 d3 37. Rb2 Re7 38. a5 bxa5 39. Qxa5 d2 40. Qa8+ Kh7 41. Qa1 Qg3 42. Qd1 Qf2 43. Rb1 Nf5 44. Nf1 Nh4 45. Nh2 Rxg2 46. Qc2+ Kh6 0-1

[Event "Vall del Tenes op 8th"]
[Site "Vall del Tenes"]
[Date "2019.06.21"]
[Round "8"]
[White "Benet Saniger, Xavier"]
[Black "Crusats Mir, Josep"]
[Result "1/2-1/2"]
[WhiteElo "1754"]
[BlackElo "1705"]
[PlyCount "121"]
[EventDate "2019.04.26"]
[EventType "swiss"]
[EventRounds "8"]
[EventCountry "ESP"]
[SourceTitle "EXT 2020"]
[Source "ChessBase"]
[SourceDate "2019.10.17"]
[SourceVersion "1"]
[SourceVersionDate "2019.10.17"]
[SourceQuality "1"]

1. Nf3 d5 2. d4 Nf6 3. c4 e6 4. cxd5 exd5 5. Bg5 Be7 6. e3 0-0 7. Bd3 Ne4 8. Bxe7 Qxe7 9. 0-0 Bg4 10. Qb3 c6 11. Ne5 Nf6 12. Nxg4 Nxg4 13. Nd2 Qc7 14. Nf3 Nd7 15. Qc2 h6 16. b4 a6 17. a4 Qd6 18. Rfc1 Rfb8 19. b5 axb5 20. axb5 Rxa1 21. Rxa1 c5 22. Bf5 Ngf6 23. dxc5 Qxc5 24. Qxc5 Nxc5 25. Nd4 g6 26. Bh3 Nfe4 27. g3 Nd3 28. f4 Ndf2 29. Bf1 Ng4 30. Ra3 Re8 31. h3 Ngf2 32. Ra2 Nd1 33. Re2 Nxg3 34. Re1 Nxf1 35. Kxf1 Nb2 36. Kg2 Nc4 37. Kf3 f5 38. Nc2 Kf7 39. Rd1 Ke6 40. Rg1 Kf6 41. Rd1 Rd8 42. Nb4 Nb6 43. h4 Ke6 44. Rg1 Rg8 45. Nd3 Rg7 46. Ne5 Kf6 47. Nd3 Nc4 48. Nb4 Rd7 49. Rd1 Nb6 50. Nc2 Na4 51. Ra1 Nc3 52. Nd4 Rd6 53. Rc1 Ne4 54. Rc7 g5 55. Rh7 h5 56. Rxb7 Nc5 57. Rb8 Ne6 58. Nc6 d4 59. exd4 Nxd4+ 60. Nxd4 Rxd4 61. Kg2 1/2-1/2

[Event "Santa Eulalia Vall del Tenes op 7th"]
[Site "Santa Eulalia de Roncana"]
[Date "2018.04.20"]
[Round "3.10"]
[White "Yanguas Martinez, Hermogenes"]
[Black "Crusats Mir, Josep"]
[Result "0-1"]
[WhiteElo "1609"]
[BlackElo "1714"]
[PlyCount "116"]
[EventDate "2018.04.06"]
[EventType "swiss"]
[EventRounds "8"]
[EventCountry "ESP"]
[SourceTitle "EXT 2024"]
[Source "ChessBase"]
[SourceDate "2023.10.10"]
[SourceVersion "1"]
[SourceVersionDate "2023.10.10"]
[SourceQuality "1"]

1. c4 e6 2. e3 d5 3. Nf3 Nf6 4. Nc3 c5 5. d4 Nc6 6. cxd5 Nxd5 7. e4 Nb6 8. d5 exd5 9. exd5 Nb4 10. Bb5+ Bd7 11. d6 Qf6 12. Qe2+ Qe6 13. Qxe6+ fxe6 14. Bxd7+ Nxd7 15. 0-0 Bxd6 16. Nb5 Bb8 17. Ng5 e5 18. Ne6 Kf7 19. Ng5+ Kg6 20. f4 exf4 21. Ne6 a6 22. Nbc7 Bxc7 23. Nxc7 Rac8 24. Ne6 Nf6 25. Nxf4+ Kf7 26. Bd2 Rhd8 27. Bc3 Nbd5 28. Nxd5 Rxd5 29. Rad1 Rcd8 30. Bxf6 gxf6 31. Rc1 b5 32. Rc2 c4 33. b3 cxb3 34. axb3 R8d6 35. Rc7+ Kg6 36. Rf3 Rd1+ 37. Kf2 R1d2+ 38. Kg3 R2d3 39. Rc3 Rxc3 40. Rxc3 b4 41. Re3 Rc6 42. Kf4 Rc2 43. Rg3+ Kf7 44. Rh3 Rxg2 45. Rxh7+ Kg6 46. Rh8 Kg7 47. Rb8 Rxh2 48. Kg3 Rh5 49. Rxb4 Rb5 50. Rxb5 axb5 51. b4 Kf7 52. Kf4 Ke6 53. Ke4 f5+ 54. Kd4 Kd6 55. Ke3 Ke5 56. Kf3 f4 57. Kf2 Ke4 58. Ke2 Kd4 0-1

[Event "Moia op 6th"]
[Site "Moia"]
[Date "2017.10.20"]
[Round "4"]
[White "Valldeoriola Puigdoller, Agusti"]
[Black "Crusats Mir, Josep"]
[Result "1-0"]
[WhiteElo "1938"]
[BlackElo "1728"]
[PlyCount "63"]
[EventDate "2017.09.22"]
[EventType "swiss"]
[EventRounds "8"]
[EventCountry "ESP"]
[SourceTitle "CBM 189 Extra"]
[Source "ChessBase"]
[SourceDate "2019.05.31"]
[SourceVersion "1"]
[SourceVersionDate "2019.05.31"]
[SourceQuality "1"]

1. e4 e5 2. Nf3 Nc6 3. d4 exd4 4. Bc4 Bb4+ 5. c3 dxc3 6. bxc3 Ba5 7. 0-0 Nge7 8. Ng5 Ne5 9. Nxf7 Nxf7 10. Bxf7+ Kxf7 11. Qh5+ Ng6 12. Qd5+ Kf8 13. Qxa5 d6 14. Bg5 Qd7 15. Na3 b6 16. Qd5 Rb8 17. Rad1 Bb7 18. Qc4 h6 19. Be3 Ne5 20. Qd4 Kg8 21. Qxe5 dxe5 22. Rxd7 c5 23. f3 Kh7 24. Rfd1 a6 25. Nc4 Bc6 26. Rc7 Ba4 27. Rd6 Rhd8 28. Rxh6+ Kg8 29. Rg6 Rd1+ 30. Kf2 Ra1 31. Rgxg7+ Kf8 32. Rcf7+ 1-0

[Event "Moia op 6th"]
[Site "Moia"]
[Date "2017.10.06"]
[Round "3"]
[White "Lazaro Valls, Xavier"]
[Black "Crusats Mir, Josep"]
[Result "0-1"]
[WhiteElo "1579"]
[BlackElo "1728"]
[PlyCount "104"]
[EventDate "2017.09.22"]
[EventType "swiss"]
[EventRounds "8"]
[EventCountry "ESP"]
[SourceTitle "CBM 189 Extra"]
[Source "ChessBase"]
[SourceDate "2019.05.31"]
[SourceVersion "1"]
[SourceVersionDate "2019.05.31"]
[SourceQuality "1"]

1. e4 e5 2. Nc3 Nf6 3. Nf3 Nc6 4. Bc4 Bc5 5. 0-0 d6 6. h3 0-0 7. a3 a6 8. b4 Ba7 9. Re1 Be6 10. Bb3 Bxb3 11. cxb3 b5 12. Bb2 Nd4 13. d3 c6 14. Nxd4 Bxd4 15. Rb1 Ne8 16. Ne2 Bxb2 17. Rxb2 f5 18. exf5 Rxf5 19. d4 exd4 20. Nxd4 Rd5 21. Qg4 Qc8 22. Ne6 Qd7 23. Rbe2 Nf6 24. Qh4 Re8 25. Qg3 h6 26. Qg6 Qf7 27. Qxf7+ Kxf7 28. g3 Re5 29. Rxe5 dxe5 30. Nc7 Re7 31. Nxa6 e4 32. Nc5 Kg6 33. a4 Kf5 34. axb5 cxb5 35. f3 e3 36. Nd3 Nd5 37. g4+ Kg5 38. Kg2 Nf4+ 39. Nxf4 Kxf4 40. Re2 g5 41. Re1 Rd7 42. h4 Rd2+ 43. Kh3 Kxf3 44. h5 Ke4 45. Kg3 Kd3 46. Kf3 Rf2+ 47. Kg3 Kd2 48. Ra1 Rf6 49. Ra8 e2 50. Rd8+ Ke1 51. Kg2 Rf4 52. Kg3 Kf1 0-1

[Event "Moia op 5th"]
[Site "Moia"]
[Date "2016.11.11"]
[Round "7"]
[White "Crusats Mir, Josep"]
[Black "Vila Cairo, Gerard"]
[Result "0-1"]
[WhiteElo "1850"]
[BlackElo "2029"]
[PlyCount "160"]
[EventDate "2016.09.23"]
[EventType "swiss"]
[EventRounds "8"]
[EventCountry "ESP"]
[SourceTitle "EXT 2018"]
[Source "ChessBase"]
[SourceDate "2017.10.13"]
[SourceVersion "1"]
[SourceVersionDate "2017.10.13"]
[SourceQuality "1"]

1. d4 Nf6 2. c4 c5 3. d5 b5 4. cxb5 a6 5. bxa6 d6 6. Nc3 g6 7. e4 Bg7 8. Nf3 0-0 9. Be2 Bxa6 10. 0-0 Nbd7 11. a3 Qb6 12. Rb1 Bxe2 13. Qxe2 Qb3 14. Bg5 Rfb8 15. Nd2 Qb7 16. h3 Qa6 17. Qxa6 Rxa6 18. Nc4 Nb6 19. Nxb6 Raxb6 20. Na4 Rb3 21. f3 h6 22. Bd2 Nd7 23. Bc3 Bf8 24. Bd2 Ne5 25. Rfc1 Ra8 26. Nxc5 dxc5 27. Rxc5 Nd3 28. Rc3 Rab8 29. Rxb3 Rxb3 30. Bc3 e6 31. dxe6 Bc5+ 32. Kf1 fxe6 33. a4 Kf7 34. Ke2 Nf4+ 35. Kf1 Ke7 36. Rd1 Bb4 37. Bxb4+ Rxb4 38. a5 Rxb2 39. Ra1 Nxg2 40. a6 Ne3+ 41. Kg1 Rb8 42. Kf2 Nc4 43. Rc1 Rb2+ 44. Kg3 Nb6 45. Rc7+ Nd7 46. a7 Ra2 47. e5 Kd8 48. Rb7 Kc8 49. Rb5 Rxa7 50. f4 Ra3+ 51. Kg4 Ra1 52. Rb3 Rg1+ 53. Kf3 Kd8 54. h4 h5 55. Rd3 Rg4 56. Ra3 Rxh4 57. Ra8+ Ke7 58. Rg8 Rg4 59. Rg7+ Kd8 60. Rg8+ Kc7 61. Re8 Nc5 62. Re7+ Kc6 63. Re8 Kd5 64. Rd8+ Kc4 65. Rd6 Rg1 66. Kf2 Rg4 67. Kf3 g5 68. fxg5 Rxg5 69. Kf4 Rf5+ 70. Ke3 Rxe5+ 71. Kf4 Rf5+ 72. Ke3 Rd5 73. Rb6 h4 74. Rb1 h3 75. Rh1 Rh5 76. Kf3 Nd3 77. Rh2 Kd4 78. Kg4 Rh8 79. Kf3 e5 80. Kg3 e4 0-1

[Event "Vall del Tenes op 5th"]
[Site "Vall del Tenes"]
[Date "2016.04.08"]
[Round "1"]
[White "Lopez Sanchez, Pedro"]
[Black "Crusats Mir, Josep"]
[Result "0-1"]
[WhiteElo "1700"]
[BlackElo "1840"]
[PlyCount "40"]
[EventDate "2016.04.08"]
[EventType "swiss"]
[EventRounds "8"]
[EventCountry "ESP"]
[SourceTitle "CBM 172 Extra"]
[Source "ChessBase"]
[SourceDate "2016.06.21"]
[SourceVersion "1"]
[SourceVersionDate "2016.06.21"]
[SourceQuality "1"]

1. d4 d5 2. Nf3 e6 3. e3 c5 4. c4 Nf6 5. Nc3 Nc6 6. Bd3 Bd6 7. 0-0 0-0 8. e4 dxe4 9. Bxe4 Nxe4 10. Nxe4 Nxd4 11. Nxd4 cxd4 12. Qxd4 Bxh2+ 13. Kxh2 Qxd4 14. Ng3 b6 15. a4 Bb7 16. Ra2 Qxc4 17. Ra3 Qc6 18. Rg1 Rfd8 19. a5 bxa5 20. Rxa5 Rd1 0-1

[Event "Moia op 4th"]
[Site "Moia"]
[Date "2015.10.09"]
[Round "4"]
[White "Crusats Mir, Josep"]
[Black "Mas Sayos, Lluis"]
[Result "1-0"]
[WhiteElo "1948"]
[BlackElo "1856"]
[PlyCount "69"]
[EventDate "2015.09.18"]
[EventType "swiss"]
[EventRounds "8"]
[EventCountry "ESP"]
[SourceTitle "EXT 2017"]
[Source "ChessBase"]
[SourceDate "2016.10.25"]
[SourceVersion "1"]
[SourceVersionDate "2016.10.25"]
[SourceQuality "1"]

1. e4 c5 2. Nf3 a6 3. Nc3 Nc6 4. d4 cxd4 5. Nxd4 g6 6. Nxc6 bxc6 7. Bc4 Bg7 8. Qf3 e6 9. 0-0 Qf6 10. Qg3 h6 11. Be3 d5 12. exd5 cxd5 13. Bxd5 exd5 14. Nxd5 Qc6 15. Nc7+ Kf8 16. Nxa8 Bb7 17. Qb8+ Ke7 18. Bc5+ Ke6 19. Rfe1+ Kf5 20. g4+ Kxg4 21. Qg3+ Kh5 22. Qh3+ Kg5 23. Be3+ Kf6 24. Bd4+ Kg5 25. f4+ Kxf4 26. Qg3+ Kf5 27. Rf1+ Ke6 28. Rae1+ Kd5 29. Bxg7 Qc5+ 30. Qf2 Qxf2+ 31. Rxf2 Rh7 32. Nc7+ Kc6 33. Rxf7 h5 34. Ne6 Nh6 35. Nd8+ 1-0

[Event "Moia op 3rd"]
[Site "Moia"]
[Date "2014.11.07"]
[Round "7"]
[White "Castrillon Otero, Javier"]
[Black "Crusats Mir, Josep"]
[Result "1-0"]
[WhiteElo "2140"]
[BlackElo "1861"]
[PlyCount "133"]
[EventDate "2014.09.19"]
[EventType "swiss"]
[EventRounds "8"]
[EventCountry "ESP"]
[SourceTitle "EXT 2016"]
[Source "ChessBase"]
[SourceDate "2015.10.08"]
[SourceVersion "1"]
[SourceVersionDate "2015.10.08"]
[SourceQuality "1"]

1. d4 d5 2. Nf3 Nf6 3. e3 e6 4. c4 dxc4 5. Bxc4 a6 6. 0-0 b5 7. Bd3 Bb7 8. a4 b4 9. Nbd2 c5 10. Qe2 Qc7 11. b3 Nbd7 12. Bb2 Nd5 13. Rac1 Qb8 14. Ne4 cxd4 15. Nxd4 N5f6 16. Nc6 Bxc6 17. Rxc6 Be7 18. Nxf6+ Nxf6 19. Rxa6 0-0 20. Rc6 Rc8 21. Rfc1 Rxc6 22. Rxc6 Qd8 23. Qc2 h6 24. Bd4 Qd5 25. Rc7 Qd6 26. Qc6 Qxc6 27. Rxc6 Rd8 28. Bf1 Ne4 29. g3 Nd2 30. Bb6 Rb8 31. Bc7 Rb7 32. a5 Nxb3 33. a6 Ra7 34. Bb8 Ra8 35. Rc8+ Kh7 36. a7 Bc5 37. Bg2 Rxa7 38. Bxa7 Bxa7 39. Rc7 Bc5 40. Be4+ f5 41. Bc2 Bd6 42. Rd7 Na1 43. Ba4 Be5 44. Rb7 Bc3 45. Kf1 Kg6 46. Ke2 Kf6 47. f3 g6 48. Kd1 h5 49. Kc1 Ke5 50. Kb1 Kd5 51. Rd7+ Kc4 52. Bd1 Kc5 53. Rc7+ Kb5 54. Rxc3 bxc3 55. Kxa1 Kb4 56. Kb1 e5 57. Kc2 g5 58. Kd3 e4+ 59. fxe4 fxe4+ 60. Kxe4 Ka3 61. Kd3 Kb2 62. e4 h4 63. gxh4 g4 64. e5 Kc1 65. Ba4 Kb2 66. e6 c2 67. Bxc2 1-0

[Event "Vall del Tenes op 3rd"]
[Site "Santa Eulalia de Roncana"]
[Date "2014.04.25"]
[Round "1"]
[White "Romero Perera, Eugeni"]
[Black "Crusats Mir, Josep"]
[Result "1-0"]
[WhiteElo "2187"]
[BlackElo "1850"]
[PlyCount "81"]
[EventDate "2014.04.25"]
[EventType "swiss"]
[EventRounds "8"]
[EventCountry "ESP"]
[SourceTitle "CBM 160 Extra"]
[Source "ChessBase"]
[SourceDate "2014.07.01"]
[SourceVersion "1"]
[SourceVersionDate "2014.07.01"]
[SourceQuality "1"]

1. d4 d5 2. Nf3 Nf6 3. g3 e6 4. Bg2 c5 5. c3 Nc6 6. 0-0 a6 7. Bg5 h6 8. Bf4 c4 9. Nbd2 Nh5 10. Be3 Bd6 11. b3 b5 12. bxc4 bxc4 13. Rb1 0-0 14. Ne1 Bd7 15. f4 f5 16. Nef3 Rb8 17. Ne5 Nf6 18. Ndxc4 Bxe5 19. Nxe5 Na5 20. Qc2 Bb5 21. Bf3 Qc7 22. Rfc1 Bc4 23. Rb4 Rb5 24. a4 Rb6 25. Qb2 Rfb8 26. Qa3 Ne4 27. Rcb1 Nb3 28. Bxe4 fxe4 29. R1xb3 Bxb3 30. Qxb3 Rxb4 31. cxb4 Rc8 32. Kf2 Kh7 33. b5 Rb8 34. Qb4 axb5 35. axb5 Qb7 36. Qd6 Qb6 37. Nc6 Ra8 38. Qxe6 Qxb5 39. Qf5+ Kh8 40. Ne7 Ra2 41. Qf8+ 1-0

[Event "Olot Volcans op 3rd"]
[Site "Olot"]
[Date "2012.06.09"]
[Round "5"]
[White "Crusats Mir, Josep"]
[Black "Aymerich Verdaguer, Eduard"]
[Result "1/2-1/2"]
[WhiteElo "1790"]
[BlackElo "1840"]
[PlyCount "41"]
[EventDate "2012.05.26"]
[EventType "swiss"]
[EventRounds "8"]
[EventCountry "ESP"]
[SourceTitle "CBM 148 Extra"]
[Source "ChessBase"]
[SourceDate "2012.06.22"]
[SourceVersion "1"]
[SourceVersionDate "2012.06.22"]
[SourceQuality "1"]

1. c4 e6 2. d4 d5 3. c5 e5 4. e3 e4 5. Nc3 f5 6. Nh3 Nf6 7. Nf4 b6 8. b4 a5 9. Ba3 axb4 10. Bxb4 bxc5 11. Bxc5 Bxc5 12. dxc5 c6 13. Qd4 0-0 14. Be2 Re8 15. 0-0 Qa5 16. Rac1 Bb7 17. Bh5 Re7 18. Bd1 Nbd7 19. Bb3 Ne5 20. Na4 Nfd7 21. h3 1/2-1/2

[Event "Olot Volcans op 3rd"]
[Site "Olot"]
[Date "2012.06.09"]
[Round "6"]
[White "Herrero Nogareda, Robert"]
[Black "Crusats Mir, Josep"]
[Result "1-0"]
[WhiteElo "1854"]
[BlackElo "1790"]
[PlyCount "65"]
[EventDate "2012.05.26"]
[EventType "swiss"]
[EventRounds "8"]
[EventCountry "ESP"]
[SourceTitle "CBM 148 Extra"]
[Source "ChessBase"]
[SourceDate "2012.06.22"]
[SourceVersion "1"]
[SourceVersionDate "2012.06.22"]
[SourceQuality "1"]

1. d4 d5 2. c4 dxc4 3. e4 Nc6 4. Nf3 Bg4 5. Bxc4 e6 6. d5 Ne5 7. Qa4+ Nd7 8. Ne5 Ngf6 9. Nxg4 Nxg4 10. dxe6 fxe6 11. Bxe6 Nge5 12. 0-0 Qe7 13. Bxd7+ Qxd7 14. Qxd7+ Nxd7 15. Bf4 0-0-0 16. Nc3 c6 17. Rad1 Be7 18. Bd6 Bf6 19. f4 g6 20. e5 Bg7 21. Ne4 Nb6 22. Ng5 Rde8 23. Nf7 Rhg8 24. Bc5 Kb8 25. Bxb6 axb6 26. Rd7 Bf8 27. Nd6 Bxd6 28. Rxd6 Rd8 29. Rfd1 Kc7 30. Rxd8 Rxd8 31. Rxd8 Kxd8 32. Kf2 Ke7 33. Ke3 1-0

[Event "Olot Volcans op 3rd"]
[Site "Olot"]
[Date "2012.05.26"]
[Round "2"]
[White "Crusats Mir, Josep"]
[Black "Garcia Luna, Jose Luis"]
[Result "1-0"]
[WhiteElo "1790"]
[BlackElo "1700"]
[PlyCount "143"]
[EventDate "2012.05.26"]
[EventType "swiss"]
[EventRounds "8"]
[EventCountry "ESP"]
[SourceTitle "CBM 148 Extra"]
[Source "ChessBase"]
[SourceDate "2012.06.22"]
[SourceVersion "1"]
[SourceVersionDate "2012.06.22"]
[SourceQuality "1"]

1. e4 e5 2. Nf3 Nc6 3. d4 exd4 4. Bc4 Bb4+ 5. c3 dxc3 6. bxc3 Ba5 7. Qd5 Qe7 8. 0-0 Nf6 9. Qb5 0-0 10. Bg5 a6 11. Qb3 h6 12. Bh4 g5 13. Nxg5 hxg5 14. Bxg5 Qe5 15. Bxf6 Qxf6 16. f4 Bb6+ 17. Kh1 d6 18. Qc2 Ne5 19. fxe5 Qxe5 20. Nd2 Bg4 21. Nf3 Bxf3 22. Rxf3 Kg7 23. Raf1 f6 24. Qd3 Rh8 25. Rg3+ Kf8 26. Qf3 Rh6 27. Qg4 Qh5 28. Qg7+ Ke8 29. Qg8+ Kd7 30. Qe6+ Kc6 31. Rh3 Qg6 32. Rxh6 Qxh6 33. Qxf6 Rh8 34. Qxh6 Rxh6 35. Bd5+ Kc5 36. Bxb7 a5 37. Bd5 c6 38. Bb3 Rh4 39. Re1 Kb5 40. g3 Rh8 41. a4+ Kc5 42. Kg2 Re8 43. h4 d5 44. e5 Bc7 45. e6 Kd6 46. e7 Rxe7 47. Rxe7 Kxe7 48. Kf3 Be5 49. c4 d4 50. g4 c5 51. Ke4 Bd6 52. Kd5 d3 53. g5 Bg3 54. h5 Bf4 55. g6 Bh6 56. Kxc5 Ke6 57. Kd4 d2 58. c5+ Kd7 59. Kd5 Kc7 60. c6 Bg7 61. Kc5 Bf8+ 62. Kb5 Bg7 63. Bd1 Bh6 64. Bf3 Bg7 65. Kxa5 d1Q 66. Bxd1 Kxc6 67. Bf3+ Kc7 68. Kb5 Kb8 69. Kc6 Ka7 70. Kd7 Kb6 71. Ke7 Ka5 72. Bd1 1-0

[Event "Olot Volcans op 3rd"]
[Site "Olot"]
[Date "2012.05.26"]
[Round "1"]
[White "Diaz Munoz, Sergi"]
[Black "Crusats Mir, Josep"]
[Result "1-0"]
[WhiteElo "2131"]
[BlackElo "1790"]
[PlyCount "95"]
[EventDate "2012.05.26"]
[EventType "swiss"]
[EventRounds "8"]
[EventCountry "ESP"]
[SourceTitle "CBM 148 Extra"]
[Source "ChessBase"]
[SourceDate "2012.06.22"]
[SourceVersion "1"]
[SourceVersionDate "2012.06.22"]
[SourceQuality "1"]

1. e4 e5 2. Nf3 Nc6 3. d4 exd4 4. Nxd4 Bc5 5. Nxc6 Qf6 6. Qf3 dxc6 7. Nc3 Qxf3 8. gxf3 Be6 9. Be3 Bd6 10. 0-0-0 0-0-0 11. f4 f6 12. Rg1 g6 13. h4 Ne7 14. a3 Rhg8 15. Be2 a6 16. Na4 Kb8 17. Nc5 Bf7 18. Nd3 Nc8 19. e5 Be7 20. exf6 Bxf6 21. Ne5 Be6 22. Bg4 Bxg4 23. Rxg4 Nd6 24. Bd4 Be7 25. Bc5 Kc8 26. Rdg1 Rde8 27. h5 Ne4 28. Bxe7 Rxe7 29. hxg6 h5 30. R4g2 Rgg7 31. Rh1 Nf6 32. Rg5 Re6 33. Re1 Rd6 34. Nf7 Rd5 35. f5 Kd7 36. c4 Rd4 37. Re6 Rxc4+ 38. Kb1 Re4 39. Rxf6 h4 40. Nh6 h3 41. Rh5 Re1+ 42. Kc2 Re2+ 43. Kd3 Rxf2 44. Rxh3 Ke7 45. Rf7+ Rxf7 46. gxf7 Rf1 47. Rg3 Rh1 48. f6+ 1-0

[Event "Vic op 31st"]
[Site "Vic"]
[Date "2011.12.20"]
[Round "8"]
[White "Crusats Mir, Josep"]
[Black "Oms Bruguera, Arnau"]
[Result "1-0"]
[WhiteElo "1800"]
[BlackElo "1787"]
[PlyCount "105"]
[EventDate "2011.10.18"]
[EventType "swiss"]
[EventRounds "8"]
[EventCountry "ESP"]
[SourceTitle "EXT 2013"]
[Source "ChessBase"]
[SourceDate "2012.11.22"]
[SourceVersion "1"]
[SourceVersionDate "2012.11.22"]
[SourceQuality "1"]

1. c4 Nf6 2. Nc3 d5 3. cxd5 Nxd5 4. d4 e6 5. a3 Be7 6. e4 Nf6 7. Nf3 c6 8. Be2 0-0 9. 0-0 b6 10. Qc2 Ba6 11. Bxa6 Nxa6 12. Rd1 Rc8 13. Ng5 h6 14. Nf3 Nc7 15. Rd3 Nh7 16. Ne5 Ne8 17. Qe2 Bd6 18. Ng4 Kh8 19. Rh3 Rg8 20. e5 Bf8 21. Be3 f5 22. exf6 gxf6 23. Nxh6 Rc7 24. Nxg8 Kxg8 25. Qg4+ Ng7 26. Rd1 Ng5 27. Bxg5 fxg5 28. Ne4 Be7 29. Ng3 c5 30. dxc5 Qc8 31. cxb6 axb6 32. Rh6 Rc4 33. Qe2 Rc2 34. Qe5 Rc5 35. Qe1 Rc2 36. Nh5 Nxh5 37. Rxh5 g4 38. Qe4 Bf6 39. Qg6+ Bg7 40. Qxg4 Rxb2 41. Rh6 Kf7 42. Qg6+ Kf8 43. Qxe6 Qxe6 44. Rxe6 Kf7 45. Rc6 Rb3 46. h3 Bf8 47. a4 Rb4 48. Rd7+ Ke8 49. Ra7 Be7 50. g3 Rb2 51. Rb7 Rb4 52. Rcxb6 Rxa4 53. Re6 1-0